000 00818nam a22001577a 4500
008 120423s2007 ua|||||r|||| 000 0 ara d
082 _a179.2
_bت ق ر
100 _929724
_aبينهيرو ، باولو سيرجيو
245 _aالتقرير العالمي بشأن العنف ضد الأطفال /
_c المجلس القةمي للأمومة والطفولة بمصر؛ باولو سيرجيو بينهيرو
260 _aالقاهرة :
_bVirgin Graphics،
_c2007
300 _a364 ص :
_bأيض ؛
_c22 سم
650 _929723
_aالقسوة على الأطفال
710 _929725
_aالمجلس القومي للأمومة والطفولة
942 _2ddc
_cBB
999 _c16688
_d16688